| 000 -LEADER |
| fixed length control field |
01557nam a2200337zi 4500 |
| 001 - CONTROL NUMBER |
| control field |
022725045 |
| 003 - CONTROL NUMBER IDENTIFIER |
| control field |
UkOxU |
| 005 - DATE AND TIME OF LATEST TRANSACTION |
| control field |
20251106101631.0 |
| 007 - PHYSICAL DESCRIPTION FIXED FIELD--GENERAL INFORMATION |
| fixed length control field |
ta |
| 008 - FIXED-LENGTH DATA ELEMENTS--GENERAL INFORMATION |
| fixed length control field |
200515e202101uuxxk j |||||||0|1 eng|d |
| 020 ## - INTERNATIONAL STANDARD BOOK NUMBER |
| International Standard Book Number |
9780241396926 |
| Qualifying information |
paperback |
| 020 ## - INTERNATIONAL STANDARD BOOK NUMBER |
| International Standard Book Number |
9780241412039 |
| 035 ## - SYSTEM CONTROL NUMBER |
| System control number |
(UK-WkNB)9780241396926 |
| 035 ## - SYSTEM CONTROL NUMBER |
| System control number |
(StEdALDL)1/4006679 |
| 040 ## - CATALOGING SOURCE |
| Original cataloging agency |
UK-WkNB |
| Language of cataloging |
eng |
| Description conventions |
rda |
| Transcribing agency |
UK-WkNB |
| Modifying agency |
UkOxU |
| -- |
KH8 |
| 049 ## - LOCAL HOLDINGS (OCLC) |
| Holding library |
CROBAR |
| 082 04 - DEWEY DECIMAL CLASSIFICATION NUMBER |
| Classification number |
FIC KIN |
| 100 1# - MAIN ENTRY--PERSONAL NAME |
| Personal name |
Kinney, Jeff, |
| Relator term |
author. |
| 245 10 - TITLE STATEMENT |
| Title |
Diary of a wimpy kid : |
| Remainder of title |
wrecking ball / |
| Statement of responsibility, etc. |
Jeff Kinney. |
| 264 #1 - PRODUCTION, PUBLICATION, DISTRIBUTION, MANUFACTURE, AND COPYRIGHT NOTICE |
| Name of producer, publisher, distributor, manufacturer |
Puffin, |
| Date of production, publication, distribution, manufacture, or copyright notice |
2021. |
| 264 #2 - PRODUCTION, PUBLICATION, DISTRIBUTION, MANUFACTURE, AND COPYRIGHT NOTICE |
| Place of production, publication, distribution, manufacture |
US : |
| Name of producer, publisher, distributor, manufacturer |
Penguin Random House (USA), |
| Date of production, publication, distribution, manufacture, or copyright notice |
[date of distribution not identified] |
| 300 ## - PHYSICAL DESCRIPTION |
| Extent |
240 pages ; |
| Dimensions |
20x13x2 cm |
| 366 ## - TRADE AVAILABILITY INFORMATION |
| Detailed date of publication |
20210121 |
| Availability status code |
IP 20210120 |
| ISO country code |
GB |
| MARC country code |
xxk |
| Source of availability status code |
UK-WkNB |
| 440 ## - SERIES STATEMENT/ADDED ENTRY--TITLE |
| Title |
Diary of a wimpy kid ; |
| Number of part/section of a work |
bk. 14. |
| 500 ## - GENERAL NOTE |
| General note |
Paperback / softback. B-format paperback. B-format paperback. |
| 520 ## - SUMMARY, ETC. |
| Summary, etc. |
An unexpected inheritance gives Greg Heffley's family a chance to make big changes to their house. But soon they find out that home improvement isn't all it's cracked up to be. Once the walls come down, all sorts of problems start to crop up. Rotten wood, toxic mold, unwelcome critters, and something even more sinister all make Greg and his family wonder if the renovations are worth the trouble. When the dust finally settles, will the Heffleys be able to stay, or will they need to get out of town? |
| 650 ## - SUBJECT ADDED ENTRY--TOPICAL TERM |
| Topical term or geographic name entry element |
Middle schools -- Fiction. |
| 650 ## - SUBJECT ADDED ENTRY--TOPICAL TERM |
| Topical term or geographic name entry element |
Diaries -- Fiction. |
| 650 ## - SUBJECT ADDED ENTRY--TOPICAL TERM |
| Topical term or geographic name entry element |
Children's humorous stories. |
| 942 ## - ADDED ENTRY ELEMENTS (KOHA) |
| Source of classification or shelving scheme |
|
| Koha item type |
Books - Fiction |